<?xml version="1.0" encoding="UTF-8"?><?xml-stylesheet type="text/xsl" href="static/style.xsl"?><OAI-PMH xmlns="http://www.openarchives.org/OAI/2.0/" xmlns:xsi="http://www.w3.org/2001/XMLSchema-instance" xsi:schemaLocation="http://www.openarchives.org/OAI/2.0/ http://www.openarchives.org/OAI/2.0/OAI-PMH.xsd"><responseDate>2026-06-01T00:28:54Z</responseDate><request verb="GetRecord" identifier="oai:riuma.uma.es:10630/9914" metadataPrefix="marc">https://riuma.uma.es/rest/oai/request</request><GetRecord><record><header><identifier>oai:riuma.uma.es:10630/9914</identifier><datestamp>2026-02-03T12:27:13Z</datestamp><setSpec>com_10630_2254</setSpec><setSpec>col_10630_37959</setSpec></header><metadata><record xmlns="http://www.loc.gov/MARC21/slim" xmlns:dcterms="http://purl.org/dc/terms/" xmlns:doc="http://www.lyncode.com/xoai" xmlns:xsi="http://www.w3.org/2001/XMLSchema-instance" xsi:schemaLocation="http://www.loc.gov/MARC21/slim http://www.loc.gov/standards/marcxml/schema/MARC21slim.xsd">
   <leader>00925njm 22002777a 4500</leader>
   <datafield ind2=" " ind1=" " tag="042">
      <subfield code="a">dc</subfield>
   </datafield>
   <datafield ind2=" " ind1=" " tag="720">
      <subfield code="a">Madrid-Vivar, Dolores</subfield>
      <subfield code="e">author</subfield>
   </datafield>
   <datafield ind2=" " ind1=" " tag="720">
      <subfield code="a">Pascual-Lacal, María del Rocío</subfield>
      <subfield code="e">author</subfield>
   </datafield>
   <datafield ind2=" " ind1=" " tag="720">
      <subfield code="a">Navarro-Ariza, María Teresa</subfield>
      <subfield code="e">author</subfield>
   </datafield>
   <datafield ind2=" " ind1=" " tag="720">
      <subfield code="a">Vidal-Mediavilla, Juan Luis</subfield>
      <subfield code="e">author</subfield>
   </datafield>
   <datafield ind2=" " ind1=" " tag="260">
      <subfield code="c">2015-06-16</subfield>
   </datafield>
   <datafield ind2=" " ind1=" " tag="520">
      <subfield code="a">Uno de los aspectos que influyen de manera importante en la colaboración entre la familia y la escuela es, indudablemente, el concepto que esta última tiene de la participación. De hecho, se ha observado que este concepto varía considerablemente en función del tipo de 	pedagogía, desde la participación como cooperación con las tareas escolares que propone la 	pedagogía tradicional, hasta la consideración de las familias como un recurso útil para desarrollar la escuela participativa. También las características de la familia determinan el tipo de relación con la escuela e influyen en las estrategias que la escuela debe utilizar para incorporar a estas familias en una pauta de colaboración.	&#xd;
	En este simposio se presentan trabajos que hacen posible esta colaboración e intentan 	crear una corresponsabilidad entre las familias y las escuelas. En la primera 	ponencia, se presentan las nuevas propuestas de la Administración Educativa Andaluza 	para recuperar y fortalecer los lazos entre la escuela infantil y las familias. Una de las 	iniciativas más recientes ha sido la creación de un portal de Escuela de Familias. En 	la segunda ponencia, se muestran buenas prácticas de implicación de las familias en la 	escuela infantil de primer ciclo (0-3 años). En la tercera, se exponen los resultados de un 	trabajo desarrollado en centros educativos de nuestra comunidad autónoma 	centrado en conocer y crear cauces reales de participación de las familias en la escuela, 	haciendo especial mención al segundo ciclo de la educación infantil (3-6 años). Por último, 	se presentarán las fases de inicio desarrolladas dentro del Proyecto de creación de Ciudades Educadores en una población de la provincia de Sevilla. Nuestra implicación en este proyecto se hace desde el convencimiento que es la opción más 	acertada de presente y futuro en Educación: corresponsabilidad escuela-familia-comunidad.&#xd;
	Los participantes en este simposio somos miembros del Grupo de Investigación “Educación Infantil y formación de educadores” (HUM-205), coordinado por la Universidad de Málaga. Entre sus líneas de trabajo se encuentra la de Educación 	Familiar (www.hum205.uma.es), ya que hablar de un Proyecto Educativo de Educación Infantil hoy no tendría sentido sin incluir a las familias como uno de los ejes de intervención educativa en la vida del niño y la niña.</subfield>
   </datafield>
   <datafield ind1="8" ind2=" " tag="024">
      <subfield code="a">http://hdl.handle.net/10630/9914</subfield>
   </datafield>
   <datafield ind1="8" ind2=" " tag="024">
      <subfield code="a">https://orcid.org/0000-0002-3859-302X</subfield>
   </datafield>
   <datafield tag="653" ind2=" " ind1=" ">
      <subfield code="a">Familia y enseñanza</subfield>
   </datafield>
   <datafield ind2="0" ind1="0" tag="245">
      <subfield code="a">Escuela infantil y familias</subfield>
   </datafield>
</record>
</metadata></record></GetRecord></OAI-PMH>